LIBRARY & INFORMATION CENTRE, KCAET, TAVANUR

ONLINE PUBLIC ACCESS CATALOGUE (OPAC)

Elements of practical statistics / (Record no. 9832)

MARC details
000 -LEADER
fixed length control field 00454cam a2200181ua 4500
041 ## - LANGUAGE CODE
Language code of text/sound track or separate title eng
082 ## - DEWEY DECIMAL CLASSIFICATION NUMBER
Classification number 519.5
Item number KAP/EL
100 ## - MAIN ENTRY--AUTHOR NAME
Personal name Kapoor, S.K .
245 ## - TITLE STATEMENT
Title Elements of practical statistics /
250 ## - EDITION STATEMENT
Edition statement 2 /
260 ## - PUBLICATION, DISTRIBUTION, ETC. (IMPRINT)
Place of publication New Delhi :
Name of publisher Oxford & IBH Publishing company ,
Year of publication 1981.
300 ## - PHYSICAL DESCRIPTION
Number of Pages 498 ; .
942 ## - ADDED ENTRY ELEMENTS (KOHA)
Koha item type Books
Holdings
Withdrawn status Lost status Damaged status Home library Current library Date acquired Full call number Accession Number Koha item type
      KAUAET KAUAET 07/04/2012 519.5 KAP/EL 16739 Books
free website counter